| 000 | 00608nam a22001817a 4500 | ||
|---|---|---|---|
| 003 | OSt | ||
| 008 | 260626b |||||||| |||| 00| 0 eng d | ||
| 020 | _a9788170196365 | ||
| 082 |
_a635.21 _bT36P |
||
| 245 | _aProduction Technology of Potato and Tuber Crops/ edited by Umesh Thapa, Reva Mondal and P. Tripathy | ||
| 260 |
_aDelhi : _bToday & Tomorrow Printers and Publishers, _c2019. |
||
| 300 | _a449 p. | ||
| 650 | _aechnology (Applied Sciences) | Agriculture and Related Technologies | Potatoes | ||
| 700 | _aThapa, Umesh | ||
| 700 | _aMondal , Reva | ||
| 700 | _aTripathy, P. | ||
| 942 |
_2ddc _cBK |
||
| 999 |
_c52361 _d52361 |
||